| 000 | 00383nam a2200181Ia 4500 | ||
|---|---|---|---|
| 008 | 191121s9999||||xx |||||||||||||| ||und|| | ||
| 020 | _a9789280141986 | ||
| 040 | _aIMU-MPC | ||
| 082 | _aColumn-5 | ||
| 100 | _aIMO | ||
| 245 | 0 | _aInternational Code of Signals | |
| 250 | _a4th ed. | ||
| 260 | _aLondon | ||
| 260 | _bIMO | ||
| 260 | _c2005 | ||
| 300 | _avii, 197 | ||
| 942 | _cBK | ||
| 999 |
_c2162 _d2162 |
||